000 00290nam a22001217a 4500
008 170630b xxu||||| |||| 00| 0 eng d
041 _aeng
080 _a32
100 _a20
101 _aSHP
245 _aTHE DEVELOPMENT OF POLITICAL THEORY AND GOVERNMENT
_cADLER, M.J
942 _2udc
_cBK
999 _c19796
_d19796